21 IOT Experiments/ (Record no. 207304)

MARC details
000 -LEADER
fixed length control field 00627nam a22002057a 4500
005 - DATE AND TIME OF LATEST TRANSACTION
control field 20241202150532.0
010 ## - LCCN (DPL NO)
LC control number ENG-1427762
020 ## - INTERNATIONAL STANDARD BOOK NUMBER
International Standard Book Number 9789386551832
Terms of availability 360.00
035 ## - SYSTEM CONTROL NUMBER
System control number EN-126294
037 ## - SOURCE OF ACQUISITION
Source of stock number/acquisition DBAD
082 ## - DEWEY DECIMAL CLASSIFICATION NUMBER
Classification number 004.678
Edition number 1
100 ## - MAIN ENTRY--PERSONAL NAME
Personal name Kanetkarm, Yashavant
245 ## - TITLE STATEMENT
Title 21 IOT Experiments/
Statement of responsibility, etc by Yashavant Kanetkar [and] Shrirang Korde
250 ## - EDITION STATEMENT
Edition statement 1
260 ## - PUBLICATION, DISTRIBUTION, ETC. (IMPRINT)
Place of publication, distribution, etc New Delhi
Name of publisher, distributor, etc BPB Publications
Date of publication, distribution, etc 2018
270 ## - ADDRESS
Address B-14,Connaught Place,
City New Delhi
Postal code 110001
300 ## - PHYSICAL DESCRIPTION
Extent viii,,266p.
Dimensions 23cm(Hb)
700 ## - ADDED ENTRY--PERSONAL NAME
Personal name Korde, Shrirang
Relator term Author
9 (RLIN) 74507
942 ## - ADDED ENTRY ELEMENTS (KOHA)
Source of classification or shelving scheme Dewey Decimal Classification
Item type English Books
Classification part 004.678
Call number suffix KAN
Edition 1
Holdings
Withdrawn status Lost status Not for loan Collection code Home library Current library Date acquired Source of acquisition Cost, normal purchase price Full call number Barcode Copy number Cost, replacement price Koha item type
      Non-fiction Ashok Vihar Ashok Vihar 02/12/2024 Delivery of Books Act Division 360.00 004.678 KAN EN-126294 1 360.00 English Books

© Delhi Public Library
Hit Counter
free hit counter